| 000 | 00669cam a2200241 4500 | ||
|---|---|---|---|
| 001 | A328 | ||
| 008 | 090401t1990 xxu||||| |||| 00| 0 eng d | ||
| 035 | _a(Sirsi) u95372 | ||
| 041 | _aeng | ||
| 110 |
_aRoyal Institution of Chartered Surveyors _94900 |
||
| 245 | 2 | _aA new national forest in the Midlands | |
| 260 |
_bRICS _c1990 |
||
| 300 | _a5p | ||
| 350 | _a3 | ||
| 490 |
_aRICS Memorandum _vGCPPA/Report(90)10 |
||
| 520 | _aRICS response to a Countryside Commission consultation paper issues in December 1989. | ||
| 650 | _aFORESTS | ||
| 650 | _aMIDLANDS | ||
| 650 | _aNATIONAL FORESTS | ||
| 690 | _aRURAL PRACTICE | ||
| 942 | _n0 | ||
| 948 | _c04/03/1997 | ||
| 999 |
_c98455 _d98455 |
||